| Registos Bibliográficos associados ao registo de autoridade |
|
Etiqueta de registo: 00735cam 02200241 04500 001 35285 003 http://id.bnportugal.gov.pt/bib/catbnp/35285 005 19981112152800.0 021 ## $aPT$b13364/86 095 ## $aPTBN00036263 100 ## $a19870218g1986 m y0pory0103 ba 101 1# $apor$ceng 102 ## $aPT 200 1# $aMercenários$fPhilip Caputo$gtrad. Bernardette Pinto Leite 210 #9 $aMem Martins$cEuropa-América,$dD.L. 1986- 215 ## $av.$d18 cm 225 2# $aLivros de bolso Europa-América.$iSérie Guerra e Espionagem$v46 304 ## $aTít. orig. : Horn of Africa 675 ## $a820(73)-31 Caputo, P.$vmed$zpor$3299705 700 #1 $aCaputo,$bPhilip,$f1941-2026$3299706 702 #1 $aLeite,$bBernardete Pinto$4730$366647 801 #0 $aPT$bBN$gRPC 966 ## $lBN$mFGMON$sC.G. 8539 P. 998 ## $aBN003 - 00171
Etiqueta de registo: 00842cam 02200265 04500 001 39494 003 http://id.bnportugal.gov.pt/bib/catbnp/39494 005 19981113120600.0 021 ## $aPT$b13334/86 095 ## $aPTBN00040541 100 ## $a19870109d1986 k y0pora0103 ba 101 1# $apor$ceng 102 ## $aPT 200 1# $aMercenários$fPhilip Caputo$gtrad. Bernardette Pinto Leite 210 #9 $aMem Martins$cEuropa-América,$dD.L. 1986- 215 ## $av.$d18 cm 225 2# $aLivros de bolso Europa-América.$iSérie guerra e espionagem$v45 304 ## $aTít. orig. Horn of áfrica 675 ## $a820(73)-31 Caputo, P.$vmed$zpor$3299705 700 #1 $aCaputo,$bPhilip,$f1941-2026$3299706 702 #1 $aLeite,$bBernardete Pinto$4730$366647 801 #0 $aPT$bBN$gRPC 966 ## $lBN$mFGMON$sC.G. 8539 P. 998 ## $aBN005 - 00365
|
|
|